000 00587nam a2200241 a 4500
001 nice12345678
003 IN_TiNIC
005 20260116012741.0
008 050524s1987 isla grp 000 0 eng
020 _a
_c60
082 0 0 _a340.59
_bAZA1
100 _aAzad, Ghulam Murtaza
245 _aJudicial System of Islam
260 _aIslambad
_bIslamic Research Institute
_c1987
300 _a138p
500 _aincludes index and biblioraphy
505 2 _aIndex
650 _aIslamic-Law
700 1 _aAzad, Ghulam Murtaza
902 _bSRS
942 _cBK
999 _c8220
_d8220